Prejav súdruha Michaila Gorbačova na manifestácii československo - sovietskeho priateľstva

Bibliographic Details
Main Author: Gorbačov, Michail Sergejevič, 1931-2022 (Author)
Format: Article
Language:Slovak
Subjects:

MARC

LEADER 00000nab a2200000 a 4500
001 vtls000277357
003 SK-MaSNL
005 20260311224629.0
008 111130c1987 xo 0 slo
015 |a SNBRB19rr/mm-uuuuu 
035 |a CL0287475 
040 |a SNKBUCL  |b slo  |c SNKBUCL  |e AACR2 
041 0 |a slo 
044 |a xo  |c SK 
080 |a 327.27(100-11)(47)  |2 1981 
080 |a 327(437:47)  |2 1981 
080 |a 327(100-11)(47:437)  |2 1981 
100 1 |a Gorbačov, Michail Sergejevič,  |d 1931-2022  |4 aut  |9 115043 
245 1 0 |a Prejav súdruha Michaila Gorbačova na manifestácii československo - sovietskeho priateľstva  |c Michail Gorbačov 
650 0 7 |a mier  |2 snkbucl  |9 1720 
650 0 7 |a boj za mier  |2 snkbucl  |9 308624 
650 0 7 |a odzbrojenie  |2 snkbucl  |9 1721 
651 7 |a Sovietsky zväz  |2 snkbucl  |9 22126 
651 7 |a Československo  |2 snkbucl  |9 21376 
655 7 |a články z novín a časopisov  |2 snkbucl  |9 267496 
773 0 |t Život strany  |g Č. 9 (1987), s. 7-13 
850 |a Slovenská národná knižnica v Martine  |a MTA001 
852 |a SNK  |b KIS3GCP 
958 |a RK 
958 |a SU 
992 |a RBX 
999 |c 3260813  |d 3262743